Symphony No.86 in D major, Hob.I/86

Bibliographic Details
Main Author: Haydn, Joseph, 1732-1809 (Author)
Format: Book
Language:Slovak
Published: Bratislava Opus po roku 1971

MARC

LEADER 00000cam a2200000 a 4500
001 vtls001280477
003 SK-MaSNL
005 20260302032534.0
008 240314s1971 xo 0 slo
035 |a SNK000231859 
040 |a SNK  |b slo  |c SNK  |e AACR2 
041 0 |a slo 
044 |a xo  |c SK 
100 1 |a Haydn, Joseph,  |d 1732-1809  |4 aut  |9 233808 
245 1 0 |a Symphony No.86 in D major, Hob.I/86 
260 |a Bratislava  |b Opus  |c po roku 1971 
999 |c 1057166  |d 1059096 
952 |a SNK  |b SNK  |y PREZ  |7 0  |p 17A0052933  |o snkSCD 26 D1  |i snkGF 1119/88  |0 0  |1 0  |4 0  |d 1997-03-18  |l 0  |r 2005-01-02 00:00:00  |w 2026-02-24 
952 |t P60, <03>, [BOOK], {603}  |a SNK  |b SNK  |y PREZ  |7 0  |p 17A0052932  |o snkSCD 26  |i snkGF 1118/88  |0 0  |1 0  |4 0  |d 1997-03-18  |l 0  |r 2005-01-02 00:00:00  |w 2026-02-24